RAF Ranks - Statistics

General Stats
  • This quiz has been taken 49 times
  • The average score is 10 of 23
Answer Stats
Group Hint Answer % Correct
Non-Commissioned Other Ranks OR-5/6 Sergeant
74%
Non-Commissioned Other Ranks OR-7 Flight Sergeant
71%
Commissioned Ranks OF-2 Flight Lieutenant
69%
Commissioned Ranks OF-3 Squadron Leader
69%
Non-Commissioned Other Ranks OR-4 Corporal
66%
Commissioned Ranks OF-4 Wing Commander
66%
Commissioned Ranks OF-1 Pilot Officer
63%
Non-Commissioned Other Ranks OR-9 Warrant Officer
63%
Commissioned Ranks OF-5 Group Captain
60%
Commissioned Ranks OF-8 Air Marshal
57%
Commissioned Ranks OF-1 Flying Officer
57%
Commissioned Ranks OF-6 Air Commodore
54%
Non-Commissioned Other Ranks OR-3 Lance Corporal
49%
Commissioned Ranks OF-7 Air Vice-Marshal
46%
Commissioned Ranks OF-9 Air Chief Marshal
43%
Commissioned Ranks OF-10 Marshal of the Royal Air Force
34%
Non-Commissioned Other Ranks OR-7 Chief Technician
23%
Non-Commissioned Aircrew OR-5/6 Sergeant Aircrew
17%
Non-Commissioned Aircrew OR-9 Master Aircrew
14%
Non-Commissioned Other Ranks OR-2 Air Specialist (Class 1)
11%
Non-Commissioned Other Ranks OR-2 Air Specialist (Class 2)
11%
Non-Commissioned Aircrew OR-7 Flight Sergeant Aircrew
11%
Non-Commissioned Other Ranks OR-2 Air Specialist (Class 1) Technican
0%
No matching quizzes found
Score Distribution
Percent of People with Each Score
Percentile by Number Answered
Your Score History
You have not taken this quiz